AKIL VE ZEKA OYUNLARI (Record no. 762771)

MARC details
000 -LEADER
sabit uzunluktaki kontrol alanı 00238nam a2200097Ia 4500
001 - KONTROL NUMARASI
kontrol alanı 762771
005 - EN SON İŞLEMİN TARİH VE ZAMANI
kontrol alanı 20250826165232.0
008 - SABİT-UZUNLUKTA VERİ ÖĞELERİ--GENEL BİLGİ
sabit uzunluktaki kontrol alanı 250824s9999 xx 000 0 und d
245 #0 - ESER / YAZAR
ESER ADI AKIL VE ZEKA OYUNLARI
Yazar Adı OĞUZ SAYGIN
260 ## - YAYIN, DAĞITIM, VB.
YAYIN EVİ GENÇ HAYAT
Holdings
Düşüm durumu Kayıp durumu Hasar Durumu Ödünç verilmez Ana kütüphane Geçerli Kütüphane Edinilen tarih Toplam ödünç verme sayısı Barkod Son görüntüleme tarihi Son ödünç verme tarihi Fiyatın geçerli olmaya başladığı tarih Koha materyal türü
        MUHAMMET HAMDİ YAZIR İMAM HATİP ORTAOKULU MUHAMMET HAMDİ YAZIR İMAM HATİP ORTAOKULU 24.08.2025 2 10264360 10.12.2025 09.12.2025 26.08.2025 Books